Normal view
MARC view
- Dr Maqbool Sadiq Awan
Entry Personal Name
001 - CONTROL NUMBER
- control field: 51291
003 - CONTROL NUMBER IDENTIFIER
- control field: NUST
005 - DATE AND TIME OF LATEST TRANSACTION
- control field: 20210314134940.0
008 - FIXED-LENGTH DATA ELEMENTS
- fixed length control field: 210314|| aca||aabn | a|a d
040 ## - CATALOGING SOURCE
- Original cataloging agency: NUST
- Transcribing agency: NUST
100 ## - HEADING--PERSONAL NAME
- Personal name: Dr Maqbool Sadiq Awan
670 ## - SOURCE DATA FOUND
- Source citation: Work cat.: (NUST): Shaheed Ullah 51289, The combine usage of bloated slate, stone dust and plastic waste for the production of structural and non-structural lightweight concrete, 2017..
